50 States...By Their Flags 1 - Statistics

General Stats
  • This quiz has been taken 91 times
  • The average score is 7 of 10
Answer Stats
Picture Answer % Correct
California
95%
Texas
95%
Alaska
84%
Colorado
75%
New Mexico
70%
Wyoming
64%
Arizona
57%
Oregon
41%
Montana
39%
Nevada
39%
No matching quizzes found
Score Distribution
Percent of People with Each Score
Percentile by Number Answered
Your Score History
You have not taken this quiz